000 00295nam a2200121Ia 4500
008 231106s2018 xx 000 0 und d
041 _aeng
082 _a751.42
100 _aNIKKI STRANGE
245 _aTHE ENCYCLOPEDIA OF DRAWING TECHNIQUES
260 _bSEARCH PRESS
_c2018
300 _aP-158
999 _c920151
_d920151